Zmeny na trhu práce v kontexte globalizačných procesov
Vplyv globalizácie na zmeny na trhu práce. Vznik pracovných miest s nižšou kvalifikačnou úrovňou a s nižším mzdovým ocenením, pracovných miest na skrátený pracovný úväzok, alebo pracovné miesta s osobitnými formami časových režimov prác. Význam ľudského kapitálu, investície do ľudského kapitálu, kto...
Enregistré dans:
| Auteur principal: | |
|---|---|
| Format: | Chapitre de livre |
| Langue: | slovaque |
| Sujets: | |
| Tags: |
Pas de tags, Soyez le premier à ajouter un tag!
|
MARC
| LEADER | 00000nla a2200000 4500 | ||
|---|---|---|---|
| 001 | 0179504 | ||
| 005 | 20240502073041.7 | ||
| 041 | 0 | |a slo | |
| 044 | |a SK | ||
| 245 | 1 | 0 | |a Zmeny na trhu práce v kontexte globalizačných procesov |c Marta Martincová |
| 520 | |a Vplyv globalizácie na zmeny na trhu práce. Vznik pracovných miest s nižšou kvalifikačnou úrovňou a s nižším mzdovým ocenením, pracovných miest na skrátený pracovný úväzok, alebo pracovné miesta s osobitnými formami časových režimov prác. Význam ľudského kapitálu, investície do ľudského kapitálu, ktoré sú predpokladom flexibility a kreativity pracovnej sily, ale môžu byť aj zdrojom prekvalifikovanosti pracovnej sily. | ||
| 610 | 2 | 0 | |a globalizácia |
| 610 | 2 | 0 | |a trh práce |
| 610 | 2 | 0 | |a miesta pracovné |
| 610 | 2 | 0 | |a úväzok pracovný |
| 610 | 2 | 0 | |a kapitál ľudský |
| 610 | 2 | 0 | |a investície nevýrobné |
| 100 | 1 | |a Martincová, Marta, 1955- | |